000 00666nam a2200289Ia 4500
005 20260324141403.0
008 008 260324s9999 xx 000 0 eng d
020 _a9780203980682
037 _aEBOOK
040 _aCRL
040 _beng
040 _cCRL
041 _2eng
041 _aeng
084 _qCRL
100 _aAndrew Benjamin
_91119201
245 0 _aPresent Hope
245 0 _bPhilosophy, Architecture, Judaism
260 _bTaylor and Francis
260 _c1997
365 _a
365 _b185
856 _uhttp://www.taylorfrancis.com/books/9780203980682
942 _cEBOOK
999 _c1811036
_d1811036